Top Rated US TV Shows Quiz Stats

 Plays Quiz Updated Oct 18, 2018

Score 0/90 Timer 10:00
7 Plays Today
Season TV Show % Correct
1994-1995Friends
75.8%
1999-2000Friends
75.8%
1994-1995Seinfeld
62.9%
2004-2005American Idol (Wednesday)
61.1%
2008-2009American Idol (Wednesday)
61.1%
2004-2005American Idol (Tuesday)
61.1%
2008-2009American Idol (Tuesday)
61.1%
2004-2005CSI
58.9%
2008-2009CSI
58.9%
1989-1990Cheers
52.3%
1994-1995ER
48.8%
1999-2000ER
48.8%
1979-1980M*A*S*H
48.5%
1974-1975M*A*S*H
48.5%
2004-2005Survivor: Palau
46.3%
2004-2005Survivor: Vanuatu
46.3%
2004-2005Grey's Anatomy
39.9%
1984-1985The Cosby Show
37%
1989-1990The Cosby Show
37%
1999-2000Frasier
35.6%
1974-1975All in the Family
34.3%
2008-2009Dancing With the Stars
33.1%
2008-2009Dancing With the Stars Results
33.1%
1979-1980Dallas
30.8%
1984-1985Dallas
30.8%
1979-198060 Minutes
30.8%
1984-198560 Minutes
30.8%
1989-199060 Minutes
30.8%
1994-199560 Minutes
30.8%
1999-200060 Minutes
30.8%
Season TV Show % Correct
2008-200960 Minutes
30.8%
2004-2005Desperate Housewives
29%
2008-2009Desperate Housewives
29%
2004-2005CSI: Miami
27.8%
2004-2005Everybody Loves Raymond
27.4%
2008-2009NCIS
27.3%
1999-2000Who Wants to be a Millionaire? (Tuesday)
21.2%
1999-2000Who Wants to be a Millionaire? (Thursday)
21.2%
1999-2000Who Wants to be a Millionaire? (Sunday)
21.2%
1979-1980The Jeffersons
20.9%
1974-1975The Jeffersons
20.9%
1984-1985Family Ties
19.7%
1989-1990Monday Night Football
19.5%
1994-1995Monday Night Football
19.5%
1999-2000Monday Night Football
19.5%
1989-1990Roseanne
19%
1994-1995Roseanne
19%
1994-1995Home Improvement
18.5%
1989-1990The Golden Girls
18%
1984-1985Dynasty
18%
1979-1980Three's Company
17.9%
1994-1995N.Y.P.D. Blue
16.7%
1969-1970Bonanza
14%
1969-1970Gunsmoke
12.7%
2008-2009NBC Sunday Night Football
11.7%
1974-1975Maude
10.3%
1984-1985The A-Team
8.7%
1974-1975Sanford and Son
8.6%
1984-1985Murder, She Wrote
8.5%
1994-1995Murder, She Wrote
8.5%
Season TV Show % Correct
2008-2009The Mentalist
8.4%
1989-1990The Wonder Years
8.1%
1969-1970Rowan & Martin's Laugh-In
7.9%
1974-1975Good Times
7.8%
1984-1985Knots Landing
7.4%
1974-1975Hawaii Five-O
7.3%
1979-1980The Dukes of Hazzard
6.3%
1974-1975The Waltons
5.7%
1999-2000The Practice
5.6%
1989-1990A Different World
5.3%
1974-1975Rhoda
5.2%
2004-2005Without a Trace
5.1%
1979-1980Alice
5%
1969-1970Here's Lucy
4.8%
1989-1990America's Funniest Home Videos
4.1%
1984-1985Cagney & Lacey
3.9%
1979-1980One Day at a Time
3.8%
1989-1990Empty Nest
3.2%
1999-2000Touched By an Angel
3.2%
1969-1970Marcus Welby, M.D.
3.1%
1974-1975Chico and The Man
2.7%
1984-1985Simon & Simon
2.3%
1994-1995Grace Under Fire
2.3%
1969-1970Mayberry R.F.D.
2.2%
1979-1980Flo
2.1%
1969-1970Family Affair
1.8%
1969-1970Walt Disney's Wonderful World of Color
1.6%
1979-1980That's Incredible!
1.6%
1969-1970The Red Skelton Hour
1.5%
1969-1970The Doris Day Show
1.5%

You're not logged in!

Compare scores with friends on all Sporcle quizzes.
OR
Log In

Sporcle TV

Today on Sporcle TV


Watch our educational content, quiz creation guides, and fun videos on Sporcle TV.

Show Comments

Extras

Top Quizzes Today


Score Distribution

Your Account Isn't Verified!

In order to create a playlist on Sporcle, you need to verify the email address you used during registration. Go to your Sporcle Settings to finish the process.

Report this User

Report this user for behavior that violates our Community Guidelines.

Details: